00993 a2200217 45000010006000000050017000060080041000230030015000640400040000790800022001192450035001412640080001763000018002565050385002740410008006599420007006675900036006741000022007107000028007329990015007602898220260407155558.0260407a1945 arg spa dAR-UNSa-BCEJYS aAR-UNSa-BCEJYSbspacAR-UNSa-BCEJYS a657xContabilidad10aCurso completo de contabilidad 1aMéxico :bUnión Tipográfica Editorial Hispano-Americana (UTEHA)c1945 a10 v.c25 cm. aVol. I: Fundamentos de contabilidad -- Vol. II: Principio de contabilidad -- Vol. III: Instrucciones y prácticas -- Vol. V: Contabilidad avanzada -- Vol. VI: Introducción a la contabilidad de costos -- Vol. VII: Procedimiento contable para los costos estandar Vol. VIII: Auditoría -- Vol. IX: Investigaciones para usos financieros -- Vol. X: Estados consolidados -- Vol XI:  aspa cBK aniveau_biblio:m niveau_hierar:01 aHimmelblau, David1 aNorthwestern University c1773d1773